<?xml version="1.0" encoding="UTF-8"?>
<collection xmlns="http://www.loc.gov/MARC21/slim">
<record>
  <controlfield tag="001">131979</controlfield>
  <controlfield tag="005">20240308105336.0</controlfield>
  <datafield tag="024" ind1="7" ind2=" ">
    <subfield code="2">doi</subfield>
    <subfield code="a">10.26754/CINAIC.2023.0070</subfield>
  </datafield>
  <datafield tag="037" ind1=" " ind2=" ">
    <subfield code="a">COMPON-2023-CINAIC-0070</subfield>
  </datafield>
  <datafield tag="041" ind1=" " ind2=" ">
    <subfield code="a"></subfield>
  </datafield>
  <datafield tag="100" ind1=" " ind2=" ">
    <subfield code="a">Ferrández,  Daniel</subfield>
    <subfield code="u">Universidad Politécnica de Madrid, España</subfield>
  </datafield>
  <datafield tag="245" ind1=" " ind2=" ">
    <subfield code="a">Reciclaje de Neumáticos Fuera de Uso mediante Estrategias de Economía Circular: Experiencia de Aprendizaje-Servicio en Edificación</subfield>
  </datafield>
  <datafield tag="260" ind1=" " ind2=" ">
    <subfield code="a">Zaragoza</subfield>
    <subfield code="b">Universidad de Zaragoza, Servicio de Publicaciones</subfield>
    <subfield code="c">2023</subfield>
  </datafield>
  <datafield tag="300" ind1=" " ind2=" ">
    <subfield code="e"></subfield>
  </datafield>
  <datafield tag="520" ind1="3" ind2=" ">
    <subfield code="a">El profesorado universitario y los programas académicos tienden a adaptarse a las necesidades sociales que afectan al conjunto de la sociedad. El Aprendizaje-Servicio (ApS) se presenta como una herramienta metodológica que permite cubrir una doble necesidad entre formación académica y servicio a la comunidad. En este trabajo se exponen los fundamentos del ApS para su aplicación en el aula universitaria y se muestra una experiencia real formulada para la E.T.S. de Edificación de Madrid. Con esta experiencia se pretende concienciar al estudiantado acerca de la necesidad de incorporar materias primas recicladas para avanzar hacia una construcción sostenible, explorando nuevas vías de negocio mediante el uso de los Neumáticos Fuera de Uso. Se describe cómo ha sido posible la incorporación de esta metodología en la asignatura de Dirección Estratégica. Los resultados obtenidos de su implementación denotan un alto nivel de satisfacción por parte del alumnado, al tiempo que se desarrolla una experiencia que puede servir de ayuda a otros docentes.</subfield>
  </datafield>
  <datafield tag="506" ind1=" " ind2=" ">
    <subfield code="a">Access copy available to the general public</subfield>
    <subfield code="f">Unrestricted</subfield>
  </datafield>
  <datafield tag="540" ind1=" " ind2=" ">
    <subfield code="9">info:eu-repo/semantics/openAccess</subfield>
    <subfield code="a">by-nc-nd</subfield>
    <subfield code="u">http://creativecommons.org/licenses/by-nc-nd/3.0/es/</subfield>
  </datafield>
  <datafield tag="653" ind1="1" ind2=" ">
    <subfield code="a">Aprendizaje-Servicio, Dirección Estratégica, Sostenibilidad, Neumático Fuera de Uso (NFU).  </subfield>
  </datafield>
  <datafield tag="653" ind1="1" ind2=" ">
    <subfield code="a">Service-Learning, Strategic Management, Sustainability, End-of-Life Tires (ELTs).  </subfield>
  </datafield>
  <datafield tag="655" ind1=" " ind2="4">
    <subfield code="a">Comunicación</subfield>
  </datafield>
  <datafield tag="700" ind1=" " ind2=" ">
    <subfield code="a">Zaragoza-Benzal,  Alicia</subfield>
    <subfield code="u">Universidad Politécnica de Madrid, España</subfield>
  </datafield>
  <datafield tag="700" ind1=" " ind2=" ">
    <subfield code="a">Marcos-Sánchez,  Rafael</subfield>
    <subfield code="u">Universidad Internacional de la Rioja, España</subfield>
  </datafield>
  <datafield tag="700" ind1=" " ind2=" ">
    <subfield code="a">Zúñiga-Vicente,  Jose Ángel</subfield>
    <subfield code="u">Universidad Rey Juan Carlos, España</subfield>
  </datafield>
  <datafield tag="773" ind1=" " ind2=" ">
    <subfield code="d">Zaragoza</subfield>
    <subfield code="g">Actas del VII Congreso Internacional sobre Aprendizaje, Innovación y Cooperación, CINAIC 2023 (18-20 de Octubre de 2023, Madrid, España)



</subfield>
  </datafield>
  <datafield tag="856" ind1="4" ind2=" ">
    <subfield code="s">934613</subfield>
    <subfield code="u">http://zaguan.unizar.es/record/131979/files/070.pdf</subfield>
  </datafield>
  <datafield tag="909" ind1="C" ind2="O">
    <subfield code="o">oai:zaguan.unizar.es:131979</subfield>
    <subfield code="p">comunicaciones-ponencias</subfield>
  </datafield>
  <datafield tag="970" ind1=" " ind2=" ">
    <subfield code="a">COMPON-2023-CINAIC-0070</subfield>
  </datafield>
  <datafield tag="980" ind1=" " ind2=" ">
    <subfield code="a">COMPON</subfield>
  </datafield>
</record>
</collection>